• 首页
  • 本馆介绍
  • 公告通知
  • 最新文献
  • 馆藏检索
  • 电子资源
  • 读者导购
  • 参考咨询
  • 我的图书馆
  • 登录
  • 详细信息显示
  • 放入我的书架
  • 预约/预借图书
  • 作者相关作品
  • 分类相关作品
  • 丛书相关作品
  • 出版社相关作品

书目信息

  • 表格格式
  • 工作单格式
  • 卡片格式
题名:
计算机病毒手册
    
 
作者: 黄铭晖 , 刘宇 编译
分册:  
出版信息: 北京   航空工业出版社  1992
页数: 205页
开本: 26cm
丛书名:
单 册:
中图分类: TP309
科图分类:
主题词: 计算机病毒--手册
电子资源:
ISBN:
000 00720nam0 2200241 450
001 0100399889
005 20101126133143.0
010    @dCNY12.00
100    @a20021005d1992 em y0chiy0110 ea
101 0  @achi
102    @aCN@b110000
105    @ay z 000yy
106    @ar
200 1  @a计算机病毒手册@9Ji Suan Ji Bing Du Shou Ce @f黄铭晖,刘 宇编译@b专著
210    @a北京@c航空工业出版社@d1992
215    @a205页@d26cm
330    @a本书介绍了计算机病毒的基本知识和各种计算机病毒的历史,和反病毒软件的评估与测试方法。
606 0  @a计算机病毒@x手册
690    @aTP309@v3
701  0 @a黄铭晖@9huang ming hui@4编译
701  0 @a刘宇@9liu yu@4编译
801  0 @aCN@bAiZhiMarc@c19800101
905    @aBZT@dTP@e3@f7@sTP/3
    
    计算机病毒手册/黄铭晖,刘 宇编译.-北京:航空工业出版社,1992
    205页;26cm
    
    
    ISBN :CNY12.00
    本书介绍了计算机病毒的基本知识和各种计算机病毒的历史,和反病毒软件的评估与测试方法。
●
相关链接 在五车中查询图书 在当当中查询图书 在豆瓣中查询图书


正题名:计算机病毒手册     索取号:TP/3         预约/预借

序号 登录号 条形码 馆藏地/架位号 状态 备注
1 2000101340   2000101340   旧书回溯/ [索取号:TP/3] 在馆    
2 2000101341   2000101341   旧书回溯/ [索取号:TP/3] 在馆    
3 2000101342   2000101342   旧书回溯/ [索取号:TP/3] 在馆    
4 2000101343   2000101343   旧书回溯/ [索取号:TP/3] 在馆    
5 2000101344   2000101344   旧书回溯/ [索取号:TP/3] 在馆    
6 2000101345   2000101345   旧书回溯/ [索取号:TP/3] 在馆    
7 2000101346   2000101346   旧书回溯/ [索取号:TP/3] 在馆    
山东省滨州职业学院图书馆 欢迎您!
大连网信软件有限公司© 版权所有